000
00281nam a22001217a 4500
008
180315b xxu||||| |||| 00| 0 eng d
041
_a
eng
080
_a
62
100
_a
26
101
_a
MEK
245
_a
Introduction to probability and statistics
_c
Milton,J.S
942
_2
udc
_c
BK
999
_c
45113
_d
45113